000 00706nam a22002417a 4500
005 20170123162343.0
010 _aA-645380
020 _c40.00
035 _aA-645380
037 _bCen Lib/Ret
040 _aDPL
_bUR
082 _a440
_bا ر د
245 _aاردو ہندی ہندوستانی /
246 _aUrdu hindi hindustani /
260 _aپٹنہ
_bخدا بخش ورئیےنٹل پبلک لائبریری
_c1993
270 _bپٹنہ
300 _a228p.
_c21cm(Hb)
650 _aاردو زبان
_9129453
650 _aہندی زبان
_9129454
650 _aUrdu language
_9129455
650 _aHindi language
_99446
942 _2ddc
_cUR
_h440
_mا ر د
999 _c108659
_d108659